| 000 | 00512nam a2200193Ia 4500 | ||
|---|---|---|---|
| 008 | 180620s9999 xx 000 0 und d | ||
| 020 | _a978-1-906780-23-4 | ||
| 050 | _aREF G 156.5 | ||
| 050 | _b.S66W66 2012 | ||
| 100 | _aWood, Lawson. | ||
| 245 | 4 | _aThe World's best tropical dive destinations / | |
| 245 | 0 | _cLawson Wood. | |
| 260 | _a[s.l.] : | ||
| 260 | _bJohn Beaufoy Publishing, | ||
| 300 | _a208 pages : | ||
| 300 | _bcolored illustrations ; | ||
| 300 | _c27 cm. | ||
| 500 | _aIncludes index. | ||
| 999 |
_c358001 _d358001 |
||